000 005310000a22001930004500
003 LK-CoMWRAF
008 230817t ||||| |||| 00| 0 eng d
020 _a9559052942
040 _aLK-CoMWRAF
_dLK-CoMWRAF
_eLK-CoMWRAF
041 _aeng
082 _a330
_bCEN
100 _a Wickramasinghe,Maithree
100 _aWijayatilake,Kamalini
245 _aSexual Harassment In Sri Lanka
_bWomen's Experiences and Policy Implications
260 _aSri Lanka
_bCENWOR
_c2000
300 _ap.172
490 _aSeries No.19
942 _cBK
999 _c600
_d600